000 00598nam a2200241Ia 4500
003 OSt
005 20220912151457.0
006 a|||||r|||| 00| 0
007 ta
008 220909b |||||||| |||| 00| 0 eng d
024 _a63020
037 _cTextual
040 _aCSL
_beng
_cCSL
041 _aeng
082 _aL87:4, M1
100 _aSkripkin Yu K
245 0 _aSkin and venereal diseases
260 _aMoscow
_bMir Publisher
_c1981
300 _a556p.
_ccm.
650 _aSkin medicine
942 _hL87:4, M1
_cTEXL
_2CC
999 _c69375
_d69375